00580nam a2200169 a 450000100100000000500170001000800410002702000150006804000250008308200160010810000220012424000580014624501060020426000510031030000210036170000280038200003506620200930074100.0111024s1974 sp 000 0 spa d a8427002416 aDO-SdBNPbspacBNPHU axxxxbL489n1 aLefebvre, Georges10aLa naissance de l´historiographie modernelEspañol13aEl nacimiento de la historiografía moderna. /cGeorges Lefebvre ; traducción de Alberto Méndez. aBarcelona :bEdiciones Martínez Roca,c1974. a340 p. ;c21 cm.1 aMéndez, Alberto,etr.